[Event "Forchheim op-B 14th"]
[Site "Forchheim"]
[Date "2015.10.03"]
[Round "2"]
[White "Kuhmann, Peter"]
[Black "Huber, Lukas"]
[Result "0-1"]
[WhiteElo "1942"]
[BlackElo "1894"]
[PlyCount "48"]
[EventDate "2015.10.02"]
[EventType "swiss"]
[EventRounds "5"]
[EventCountry "GER"]
[SourceTitle "EXT 2019"]
[Source "ChessBase"]
[SourceDate "2018.10.10"]
[SourceVersion "1"]
[SourceVersionDate "2018.10.10"]
[SourceQuality "1"]

1. c4 e6 2. e3 Nf6 3. Nf3 d5 4. Be2 Be7 5. 0-0 0-0 6. b3 Nbd7 7. Bb2 c5 8. Nc3 Nb6 9. Qc2 Bd7 10. d4 cxd4 11. exd4 dxc4 12. bxc4 Rc8 13. Ne5 Qc7 14. Rac1 Bc6 15. f4 Rfd8 16. Nxc6 bxc6 17. c5 Nbd5 18. Nxd5 Nxd5 19. Qe4 Rb8 20. Rb1 Qa5 21. Bc4 Bf6 22. Bb3 Qd2 23. Bxd5 exd5 24. Qf5 Rxb2 0-1

[Event "Mittelfranken-ch"]
[Site "Wachendorf"]
[Date "2013.03.28"]
[Round "6.6"]
[White "Feldheim, Jonas"]
[Black "Kuhmann, Peter"]
[Result "1-0"]
[WhiteElo "2008"]
[BlackElo "1903"]
[PlyCount "79"]
[EventDate "2013.03.26"]
[EventType "swiss"]
[EventRounds "9"]
[EventCountry "GER"]
[SourceTitle "EXT 2022"]
[Source "ChessBase"]
[SourceDate "2021.10.06"]
[SourceVersion "1"]
[SourceVersionDate "2021.10.06"]
[SourceQuality "1"]

1. e4 d5 2. exd5 Nf6 3. Nf3 Qxd5 4. Nc3 Qa5 5. d4 Bg4 6. h3 Bh5 7. g4 Bg6 8. Ne5 Nbd7 9. Nc4 Qa6 10. d5 Ne4 11. Nxe4 Bxe4 12. f3 Bg6 13. Be3 e5 14. Qd2 b5 15. Na5 Bc5 16. Bxc5 Nxc5 17. a4 0-0 18. Nc6 Rfe8 19. Bxb5 Qb6 20. b3 e4 21. 0-0-0 exf3 22. Rhf1 a6 23. Bc4 Ne4 24. Qd4 Qxd4 25. Rxd4 f2 26. h4 h5 27. gxh5 Bxh5 28. Bd3 Be2 29. Bxe2 Ng3 30. Bxa6 Rxa6 31. Rxf2 Ne2+ 32. Rxe2 Rxe2 33. a5 Ra8 34. b4 f5 35. b5 Rf8 36. Rf4 Rh2 37. d6 cxd6 38. b6 Re8 39. b7 Re1+ 40. Kb2 1-0

[Event "Mittelfranken-chTB2b 1112"]
[Site "Germany"]
[Date "2012.03.25"]
[Round "9.2"]
[White "Kuhmann, Peter"]
[Black "Sattler, Stefan"]
[Result "0-1"]
[WhiteElo "1906"]
[BlackElo "2052"]
[PlyCount "96"]
[EventDate "2011.09.25"]
[EventType "team-tourn"]
[EventRounds "9"]
[EventCountry "GER"]
[SourceTitle "EXT 2018"]
[Source "ChessBase"]
[SourceDate "2017.10.13"]
[SourceVersion "1"]
[SourceVersionDate "2017.10.13"]
[SourceQuality "1"]
[WhiteTeam "Kirchehrenbach/Ebermannstadt"]
[BlackTeam "Herzogenaurach"]
[WhiteTeamCountry "GER"]
[BlackTeamCountry "GER"]

1. c4 c6 2. d4 d5 3. e3 e6 4. Nf3 Bd6 5. Nc3 f5 6. Ne5 Nf6 7. Bd3 0-0 8. 0-0 Nbd7 9. cxd5 Bxe5 10. dxe5 Nxe5 11. Be2 exd5 12. Qb3 Qc7 13. Bd2 Be6 14. Rac1 Ne4 15. Rfd1 Qf7 16. Qb4 Nxd2 17. Rxd2 f4 18. exf4 Qxf4 19. Qxf4 Rxf4 20. b3 Nf7 21. Bd3 Rf6 22. Re1 Nd6 23. Rde2 Re8 24. b4 g6 25. b5 Kf8 26. Rc1 Bf5 27. Rxe8+ Kxe8 28. bxc6 bxc6 29. Bxf5 Nxf5 30. Rb1 Rf7 31. Ne2 Re7 32. Kf1 Kd7 33. g4 Ng7 34. Nd4 Kd6 35. Kg2 c5 36. Nb5+ Kc6 37. a4 d4 38. Rc1 Kd5 39. Na3 Ne6 40. Rd1 c4 41. Rb1 d3 42. a5 a6 43. Rd1 Nd4 44. Nb1 Ne2 45. Kf3 Kd4 46. Nd2 Nc3 47. Ra1 Re2 48. Nf1 Ne4 0-1

[Event "Mittelfranken-ch HT 54th"]
[Site "Forchheim"]
[Date "2005.03.24"]
[Round "5"]
[White "Fink, Martin"]
[Black "Kuhmann, Peter"]
[Result "1-0"]
[WhiteElo "1864"]
[BlackElo "1843"]
[PlyCount "82"]
[EventDate "2005.03.22"]
[EventType "swiss"]
[EventRounds "9"]
[EventCountry "GER"]
[SourceTitle "EXT 2011"]
[Source "ChessBase"]
[SourceDate "2010.11.26"]
[SourceVersion "1"]
[SourceVersionDate "2010.11.26"]
[SourceQuality "1"]

1. e4 d5 2. exd5 Nf6 3. d4 Nxd5 4. Nf3 Bf5 5. Bd3 Bxd3 6. Qxd3 e6 7. c4 Nb4 8. Qe4 Be7 9. 0-0 0-0 10. Nc3 c6 11. Bf4 Nd7 12. Rad1 Nf6 13. Qe5 Qc8 14. a3 Na6 15. b4 Rd8 16. Bg5 Bd6 17. Qe3 Be7 18. Ne4 Ng4 19. Qf4 Bxg5 20. Qxg5 f5 21. Nc3 h6 22. Qg6 Rf8 23. Ne5 Nxe5 24. dxe5 Qe8 25. Qg3 f4 26. Qg4 Rf5 27. Ne4 h5 28. Qf3 Qg6 29. Nd6 Rxe5 30. Nxb7 Rf8 31. Rd8 Qe4 32. Qd1 Ref5 33. Rd4 Qe5 34. Re1 Qc7 35. Rd7 Qc8 36. Rxe6 Nc7 37. Ree7 Rg5 38. Rxc7 Qf5 39. Nd6 Rxg2+ 40. Kxg2 f3+ 41. Kh1 Rd8 1-0

[Event "Mittelfranken-ch HT 54th"]
[Site "Forchheim"]
[Date "2005.03.22"]
[Round "1"]
[White "Kuhmann, Peter"]
[Black "Adler, Herbert"]
[Result "0-1"]
[WhiteElo "1843"]
[BlackElo "1969"]
[PlyCount "88"]
[EventDate "2005.03.22"]
[EventType "swiss"]
[EventRounds "9"]
[EventCountry "GER"]
[SourceTitle "EXT 2011"]
[Source "ChessBase"]
[SourceDate "2010.11.26"]
[SourceVersion "1"]
[SourceVersionDate "2010.11.26"]
[SourceQuality "1"]

1. c4 Nf6 2. d4 g6 3. Nf3 Bg7 4. e3 d6 5. Be2 0-0 6. 0-0 Nbd7 7. Nc3 e5 8. Qc2 Re8 9. b3 c6 10. dxe5 dxe5 11. Ba3 Qc7 12. Rad1 Bf8 13. Bb2 Nc5 14. Ng5 h6 15. Nge4 Nfxe4 16. Nxe4 Nxe4 17. Qxe4 Bf5 18. Qh4 Bg7 19. Bg4 Bxg4 20. Qxg4 Re6 21. c5 Qa5 22. Qa4 Qxc5 23. Rd7 b5 24. Qa6 Qb6 25. Qxb6 axb6 26. a3 Rc8 27. f4 exf4 28. Bxg7 Kxg7 29. Rxf4 Rf8 30. Kf2 c5 31. Ke2 g5 32. Rf1 Kg6 33. Rfd1 Rfe8 34. R1d3 Rc8 35. Rb7 Ra8 36. b4 c4 37. Rd5 Rxa3 38. Rxb5 Raxe3+ 39. Kd2 Rd3+ 40. Kc2 Re2+ 41. Kc1 Rxg2 42. R5xb6+ f6 43. Rc6 Rc3+ 44. Kd1 Rb3 0-1

[Event "Erlangen op 18th"]
[Site "Erlangen"]
[Date "2003.??.??"]
[Round "4"]
[White "Kuhmann, Peter"]
[Black "Luban, Peter"]
[Result "1/2-1/2"]
[WhiteElo "1833"]
[BlackElo "1882"]
[PlyCount "42"]
[EventDate "2003.11.??"]
[EventType "swiss"]
[EventRounds "5"]
[EventCountry "GER"]
[SourceTitle "EXT 2005"]
[Source "ChessBase"]
[SourceDate "2004.11.15"]
[SourceVersion "1"]
[SourceVersionDate "2004.11.15"]
[SourceQuality "1"]

1. c4 Nf6 2. d4 g6 3. b3 Bg7 4. Bb2 d6 5. Nf3 0-0 6. e3 Nbd7 7. Be2 e6 8. 0-0 Ne4 9. Qc2 f5 10. Nc3 Ndf6 11. Rac1 Bd7 12. Bd3 d5 13. Ne5 c6 14. f3 Nxc3 15. Bxc3 Bh6 16. Bd2 Qe7 17. c5 Be8 18. Rfe1 Bf7 19. b4 a6 20. a4 Nd7 21. Nxd7 Qxd7 1/2-1/2

[Event "Nuremberg Zabo op 04th"]
[Site "Nuremberg"]
[Date "2002.09.29"]
[Round "4"]
[White "Kuhmann, Peter"]
[Black "Leuschner, Guenter"]
[Result "0-1"]
[WhiteElo "1791"]
[BlackElo "1929"]
[PlyCount "62"]
[EventDate "2002.09.27"]
[EventType "swiss"]
[EventRounds "5"]
[EventCountry "GER"]
[SourceTitle "EXT 2003"]
[Source "ChessBase"]
[SourceDate "2002.11.25"]
[SourceVersion "1"]
[SourceVersionDate "2002.11.25"]
[SourceQuality "1"]

1. c4 d5 2. cxd5 Qxd5 3. Nc3 Qd8 4. Nf3 c6 5. e3 g6 6. d4 Bg7 7. Bc4 Nf6 8. Ne5 0-0 9. 0-0 Nbd7 10. Nxd7 Bxd7 11. b4 a5 12. Rb1 axb4 13. Rxb4 b5 14. Be2 Qa5 15. a3 Rfd8 16. Bf3 Rac8 17. Qe2 Be6 18. d5 Nxd5 19. Nxd5 Bxd5 20. Bxd5 Rxd5 21. e4 Rd6 22. e5 Rd5 23. Bb2 e6 24. h3 Rcd8 25. Qf3 c5 26. Rf4 Qc7 27. Re1 c4 28. Rb1 Rd3 29. Qe4 c3 30. Bxc3 Qxc3 31. Rxb5 R3d4 0-1